All Natural Wonders in Civilization 6 Map Quiz - Statistics

General Stats
  • This quiz has been taken 62 times
  • The average score is 13 of 34
Answers on the Map
Answers color-coded by a green-red scale on the quiz's map according to % correct below.
 
Answer Stats
Answer % Correct
Mount Everest
87%
Cliffs of Dover
85%
Galápagos Islands
83%
Great Barrier Reef
80%
Uluru
76%
Matterhorn
72%
Mount Kilimanjaro
70%
Mount Vesuvius
70%
Giant's Causeway
63%
Dead Sea
61%
Yosemite
57%
Hạ Long Bay
54%
Bermuda Triangle
46%
Eye of the Sahara
44%
Crater Lake
41%
Chocolate Hills
39%
Pantanal
35%
Fountain of Youth
28%
Delicate Arch
26%
Torres del Paine
24%
Piopiotahi
22%
Eyjafjallajökull
20%
Mount Roraima
19%
Tsingy de Bemaraha
19%
Mato Tipila
17%
Pamukkale
17%
Ik-Kil
11%
Lake Retba
11%
Gobustan
9%
Ubsunur Hollow
9%
Lysefjord
7%
Païtiti
7%
Sahara el Beyda
7%
Zhangye Danxia
6%
No matching quizzes found
Score Distribution
Percent of People with Each Score
Percentile by Number Answered
Your Score History
You have not taken this quiz